Study on land use planning focusing on road infrastructructure in sangkat andoung khmer,kampot municipality, kampot province,សិក្សាពីការរៀបចំផែនការប្រើប្រាស់ដី ដោយផ្ដោតលើហេដ្ឋារចនាសម្ព័ន្ធផ្លូវថ្នល់នៅក្នុងសង្កាត់អណ្ដូងខ្មែរ ក្រុងកំពត ខេត្តកំពត (Record no. 25158)

000 -LEADER
fixed length control field 00779nam a22001217a 4500
040 ## - CATALOGING SOURCE
Transcribing agency RUA
082 ## - DEWEY DECIMAL CLASSIFICATION NUMBER
Classification number LMA CHO 2024 B640 Or.1
100 ## - MAIN ENTRY--AUTHOR NAME
Personal name CHOUN CHANMARYNET, ឈួន ច័ន្ទម៉ារីណែត
245 ## - TITLE STATEMENT
Title Study on land use planning focusing on road infrastructructure in sangkat andoung khmer,kampot municipality, kampot province,សិក្សាពីការរៀបចំផែនការប្រើប្រាស់ដី ដោយផ្ដោតលើហេដ្ឋារចនាសម្ព័ន្ធផ្លូវថ្នល់នៅក្នុងសង្កាត់អណ្ដូងខ្មែរ ក្រុងកំពត ខេត្តកំពត
260 ## - PUBLICATION, DISTRIBUTION, ETC. (IMPRINT)
Place of publication PHNOM PENH
Name of publisher RUA
Year of publication 2024
300 ## - PHYSICAL DESCRIPTION
Number of Pages X,
Other physical details ILL,
Dimensions 29CM,
942 ## - ADDED ENTRY ELEMENTS (KOHA)
Koha item type LMA
952 ## - LOCATION AND ITEM INFORMATION (KOHA)
Withdrawn status [LOCAL, KOHA] 0
952 ## - LOCATION AND ITEM INFORMATION (KOHA)
Withdrawn status [LOCAL, KOHA] 0
Holdings
Permanent Location Date acquired Koha item type Lost status Shelving location Barcode Current Location Full call number
Library Block B2025-06-03LMA B640a083941Library Block BLMA CHO 2024 B640 Or.1
Library Block B2025-06-03LMA B640a083657Library Block BLMA CHO 2024 B640 Or.2
មជ្ឈមណ្ឌលឯការនៃសាកលវិទ្យាល័យភូមិន្ទកសិកម្មចំការដូង

Powered by Koha